000 00462nam a2200181Ia 4500
005 20250507125816.0
008 008 250505s9999 xx 000 0 kor d
020 _a8809036445470
037 _aAudio
040 _aEASL
_beng
_cEASL
041 _akor
_2eng
084 _aCD00328-331
_qEASL
245 0 _a2011 Asia Tour Jang Keunsuk = K-pop
490 _vV.3
650 _aKorean
942 _cAUD
_hCD00328-331
999 _c1313329
_d1313329